000 00450nam a2200181Ia 4500
003 GCL
008 140319s9999 xx 000 0 eng d
040 _aGCL /
_cGCL
082 0 4 _aCH
_b939.8
_bG D
100 1 _aGANEVI, ANITA
245 1 0 _aDE MEMOIRE DE: ROMAINS /
_cGANEVI, ANITA
700 1 _aJAMES, JOHN
260 _a[S.N] :
_bTHE SALARIYA BOOK LTD ،
_c1994
300 _a47 P
650 0 4 _aROMAINS
650 0 4 _aCHILDREN
942 _2ddc
_cBK
999 _c13839
_d13839